Annual report on the working of the Indian boilers act (Act V of 1923) in the state of Asaam for the year 1949-50 (Record no. 503704)

000 -LEADER
fixed length control field 00373cam a22000977a 4500
008 - FIXED-LENGTH DATA ELEMENTS--GENERAL INFORMATION
fixed length control field 180718b1952 xxu||||| |||| 00| 0 eng d
082 ## - DEWEY DECIMAL CLASSIFICATION NUMBER
Classification number R64011x5411 As72r/1949-50
245 ## - TITLE STATEMENT
Title Annual report on the working of the Indian boilers act (Act V of 1923) in the state of Asaam for the year 1949-50
Statement of responsibility, etc. by Government of Assam
260 ## - PUBLICATION, DISTRIBUTION, ETC.
Place of publication, distribution, etc. Shillong
Name of publisher, distributor, etc. Government Press
Date of publication, distribution, etc. 1952
300 ## - PHYSICAL DESCRIPTION
Extent 7p
Holdings
Withdrawn status Lost status Damaged status Not for loan Permanent Location Current Location Date acquired Full call number Barcode Date last seen Price effective from Koha item type
        Indian Institute of Public Administration Indian Institute of Public Administration 2018-08-04 R64011x5411 As72r/1949-50 GG32795 2018-08-04 2018-08-04 GG

Powered by Koha